000 01026nas a2200325 4500
001 BR0000859
003 BR-BrBNA
005 20231205101746.0
007 ta
008 230509b bl.|||p| |||| 00| 00por d
040 _aBR-BrBNA
_bpor
_cBiblioteca Nacional de Agricultura
041 _a(Pt)
072 _aL40; L53
100 1 _aPinto Neto, A.
100 1 _aSilva Filho, J.M.
100 1 _aFonseca, J.F.
100 1 _aMotta, M.F.
100 1 _aPalhares, M.S.
100 1 _aBelisario, H.
100 1 _aSaliba, W.
100 1 _aAlvim, M.T.T.
245 1 _aAspectos morfologicos e taxa de gestacao obtidos de embrioes bovinos, da raca Nelore, resfriados por 48 horas, em container modelo celle modificado
650 _aGado Nelore
650 _aMorfologia Animal
650 _aEmbriao
650 _aPrenhez
773 0 _tRevista Brasileira de Reproducao Animal (Brazil)
_xISSN 0102-0803
_g(Jul-Sep 1999), v. 23(3) p. 346-348
_wBR0000859
909 _a202311
_bLúcia
_c55
_dLúcia Elande
942 _2AGRIS
_n0
_cANA
999 _c163706
_d163706